000
00317nam a22001337a 4500
008
210225b ||||| |||| 00| 0 eng d
020
_a
9780763737627
041
_a
eng
080
_2
8th
_a
579
100
_a
11
101
_a
MIK
245
_a
Alcamo's Fundamentals of Microbiology
_c
Pommerville,C.J
942
_2
udc
_c
BK
999
_c
55193
_d
55193